000 00326nam a22001457a 4500
999 _c10393
_d10393
003 OSt
008 210125b ||||| |||| 00| 0 eng d
100 _aBALAGURUSAMY,E
245 _aObject Oriented Programming with C++
250 _aRep
260 _aNew Delhi
_bTMH
300 _a637
650 _aMCA
942 _2ddc
_cBB
_01